000
00263nam a22000857a 4500
008
150128b xxu||||| |||| 00| 0 eng d
020
_c
Available
245
_a
Mathematics 9 (Science Group)
_c
Dr .Dar Karamat H
260
_a
Lahore
_b
Carvan Book House Lahore
_c
January 2014
999
_c
24740
_d
24740